Harmonizačný proces účtovníctva v podmienkach EÚ diplomová práca

Saved in:
Bibliographic Details
Main Author: Masárová, Katarína
Corporate Author: Národohospodárska fakulta EU. Katedra financií
Other Authors: Zubaľová, Alena, 1959-
Format: Book
Language:Slovak
Published: Bratislava 2011
Tags: Add Tag
No Tags, Be the first to tag this record!

MARC

LEADER 00000nbm a2200000 4500
001 0130934
005 20161109101632.1
041 0 |a slo 
044 |a SK 
245 1 0 |a Harmonizačný proces účtovníctva v podmienkach EÚ  |b diplomová práca  |c Katarína Masárová ; školiteľ: Alena Zubaľová 
264 1 |a Bratislava  |c 2011 
300 |a 66 s. 
100 1 |a Masárová, Katarína 
700 1 |a Zubaľová, Alena, 1959- 
710 2 |a Národohospodárska fakulta EU. Katedra financií